00491nam a2200193 a 4500001001300000003000900013005001700022008004100039020001000080082001500090100001800105245004000123260003700163300001000200500003500210505001200245650002200257700001800279nice12345678IN_TiNIC20260116012112.0050524s1914 lona grp 000 0 eng  ac10000a220.4bSTR aStrong, James aExhaustive Concordance of the Bible aLondonbHodder & Stoughtonc1914 a1340p aincludes index and biblioraphy2 aIndexes aBible-Concordance1 aStrong, James